000 00643nam a2200205Ii 4500
001 6292
003 CO-ViMGA
008 241108s9999||||xx |||||||||||||| ||und||
040 _aCO-ViMGA
_bspa
_erda
_cCO-ViMGA
041 0 _aunk
084 _aT GAR20pa
100 1 _aEduardo García Piedrahita
_954245
245 1 0 _aPasiones en Pugna y estampas de rebeldes
264 1 _a[Lugar de publicación no identificado] : Instituto Colombiano de Cultura, 1981
300 _avolumen
336 _atext
_btxt
_2rdacontent
337 _aunmediated
_bn
_2rdamedia
338 _avolume
_bnc
_2rdacarrier
940 _aidficha_siabuc: 6144. -- ficha_no_siabuc:6292
999 _c51152
_d51152